000 00372nam a2200145 4500
001 110282
003 ES-MaACL
005 20230906185022.0
007 t|
008 061121s1938 sp r ||||1| spa d
245 0 0 _aMaleficio
_b: ( novela) /
_cLuis Ocharán Aburto.
260 _aSantander :
_bAldus,
_c1938.
300 _a262 p. ;
_c19 cm.
852 _aES-MaACL
_jA-4873
999 _c110282
_d110282